Statystyki dla Państwa Azji

Kliknij tutaj aby rozwiązać quiz!

Ogólne statystyki

  • Ten quiz został rozwiązany 8 675 razy
  • Średni wynik to 34 z 49

Statystyki odpowiedzi

Państwa% Poprawnych
Chiny
97%
Japonia
94%
Rosja
91%
Indie
90%
Korea Północna
90%
Korea Południowa
90%
Irak
86%
Kazachstan
86%
Iran
85%
Mongolia
84%
Arabia Saudyjska
83%
Indonezja
80%
Afganistan
79%
Turcja
79%
Pakistan
78%
Wietnam
78%
Izrael
77%
Tadżykistan
76%
Uzbekistan
76%
Oman
75%
Azerbejdżan
74%
Jemen
74%
Armenia
73%
Turkmenistan
73%
Gruzja
71%
Tajlandia
71%
Nepal
69%
Zjednoczone Emiraty Arabskie
69%
Kirgistan
68%
Laos
66%
Syria
66%
Bangladesz
64%
Filipiny
64%
Katar
64%
Sri Lanka
63%
Bhutan
61%
Jordania
61%
Kambodża
61%
Malezja
61%
Singapur
55%
Kuwejt
54%
Birma
48%
Liban
48%
Cypr
45%
Bahrajn
43%
Brunei
40%
Malediwy
40%
Timor Wschodni
38%
Egipt
23%

Rozkład punktacji

Percentyl według liczby udzielonych odpowiedzi

Procent ludzi z każdym wynikiem

Twoja historia wyników

Nie rozwiązałeś tego quizu